فانتازيا الروح: قصص قصيرة وأشعار مختارة / (رقم التسجيلة. 123733)

تفاصيل مارك
000 -LEADER
fixed length control field 00599nam a22001937a 4500
005 - DATE AND TIME OF LATEST TRANSACTION
control field 20251108175014.0
008 - FIXED-LENGTH DATA ELEMENTS--GENERAL INFORMATION
fixed length control field 250721s2011 xx 000 0 ara d
082 14 - DEWEY DECIMAL CLASSIFICATION NUMBER
Classification number ق/خزا
100 1# - MAIN ENTRY--PERSONAL NAME
Personal name الخزاعلة، ياسر طالب
245 10 - TITLE STATEMENT
Title فانتازيا الروح: قصص قصيرة وأشعار مختارة /
264 1# - PRODUCTION, PUBLICATION, DISTRIBUTION, MANUFACTURE, AND COPYRIGHT NOTICE
Place of production, publication, distribution, manufacture عمان :
Name of producer, publisher, distributor, manufacturer المؤلف،
Date of production, publication, distribution, manufacture, or copyright notice 2011.
300 ## - PHYSICAL DESCRIPTION
Extent 169ص.
650 17 - SUBJECT ADDED ENTRY--TOPICAL TERM
Topical term or geographic name as entry element الادب العربي
650 17 - SUBJECT ADDED ENTRY--TOPICAL TERM
Topical term or geographic name as entry element القصص القصيرة
650 17 - SUBJECT ADDED ENTRY--TOPICAL TERM
Topical term or geographic name as entry element الشعر العربي
700 1# - ADDED ENTRY--PERSONAL NAME
Personal name الخزاعلة، شكران
942 ## - ADDED ENTRY ELEMENTS (KOHA)
Source of classification or shelving scheme Dewey Decimal Classification
Koha item type كتب
المقتنيات
حالة السحب حالة الفقدان مصدر التصنيف حالة التلف غير قابل للإعارة المكتبة الرئيسية المكتبة الحالية موقع الرف تاريخ التزويد الرقم المتسلسل Total Checkouts رقم الإستدعاء الباركود تاريخ آخر ظهور تاريخ الفاتورة نوع المادة (كوها)
    Dewey Decimal Classification     المكتبة المركزية المكتبة المركزية الإعارة 28/07/2025 1482742   ق/خزا PLD00216587 28/07/2025 28/07/2025 كتب
    Dewey Decimal Classification     المكتبة المركزية المكتبة المركزية مقتنيات قسم التزويد 28/07/2025 1482744   ق/خزا   28/07/2025 28/07/2025 كتب
    Dewey Decimal Classification     المكتبة المركزية المكتبة المركزية مقتنيات قسم التزويد 28/07/2025 1482745   ق/خزا   28/07/2025 28/07/2025 كتب
    Dewey Decimal Classification     المكتبة المركزية المكتبة المركزية مقتنيات قسم التزويد 28/07/2025 1482746   ق/خزا   28/07/2025 28/07/2025 كتب
    Dewey Decimal Classification     المكتبة المركزية المكتبة المركزية مقتنيات قسم التزويد 28/07/2025 1482747   ق/خزا   28/07/2025 28/07/2025 كتب
    Dewey Decimal Classification     المكتبة المركزية المكتبة المركزية مقتنيات قسم التزويد 28/07/2025 1482748   ق/خزا   28/07/2025 28/07/2025 كتب
    Dewey Decimal Classification     مكتبة أبو علندا العامة مكتبة أبو علندا العامة الإعارة 24/07/2011 1482749   ق/خزا PLD00216683 28/07/2025 24/07/2011 كتب
    Dewey Decimal Classification     مكتبة الأميرة ايمان العامة مكتبة الأميرة ايمان العامة الإعارة 24/07/2011 1482750   ق/خزا PLD00216684 28/07/2025 24/07/2011 كتب
    Dewey Decimal Classification     مكتبة الاميرة بديعة مكتبة الاميرة بديعة الإعارة 24/07/2011 1482751   ق/خزا PLD00216685 28/07/2025 24/07/2011 كتب
    Dewey Decimal Classification     مكتبة البراعم الواعدة مكتبة البراعم الواعدة الإعارة 24/07/2011 1482760   ق/خزا PLD00216694 28/07/2025 24/07/2011 كتب
    Dewey Decimal Classification     مكتبة الجويدة مكتبة الجويدة الإعارة 24/07/2011 1482752   ق/خزا PLD00216686 28/07/2025 24/07/2011 كتب
    Dewey Decimal Classification     مكتبة الحسن العامة مكتبة الحسن العامة الإعارة 24/07/2011 1482765   ق/خزا PLD00216699 28/07/2025 24/07/2011 كتب
    Dewey Decimal Classification     مكتبة الراية الهاشمية للأطفال مكتبة الراية الهاشمية للأطفال الإعارة 09/02/2015 1591738   ق/خزا PLD00315787 28/07/2025 09/02/2015 كتب
    Dewey Decimal Classification     مكتبة النصر العامة مكتبة النصر العامة الإعارة 24/07/2011 1482756   ق/خزا PLD00216690 28/07/2025 24/07/2011 كتب
    Dewey Decimal Classification     مكتبة صويلح العامة مكتبة صويلح العامة الإعارة 24/07/2011 1482762   ق/خزا PLD00216696 28/07/2025 24/07/2011 كتب
Implemented & Customized by: BBB with SCIT (Smart Chains for Information Technology)

Powered by Koha